| 000 | 00492nam a2200181 i 4500 | ||
|---|---|---|---|
| 001 | 32867 | ||
| 003 | ES-MaACL | ||
| 005 | 20230906154642.0 | ||
| 007 | t| | ||
| 008 | 030131s1971 sp ||||1| spa d | ||
| 080 | _a621.89 | ||
| 100 | 1 |
_aBenito Vidal, R. _927693 |
|
| 245 | 1 | 0 |
_aPráctica de la lubricación / _cR. Benito Vidal. |
| 260 |
_a[Barcelona : _bLínosa, _c[1971] |
||
| 300 |
_a229 p., 4 lám. : _bil. ; _c18 cm. |
||
| 650 | 4 |
_aLubricación. _9143592 |
|
| 852 |
_aES-MaACL _jC-49083 |
||
| 999 |
_c32867 _d32867 |
||